| 000 | 00837nam a2200229 a 4500 | ||
|---|---|---|---|
| 001 | 000042689 | ||
| 005 | 20201002040329.0 | ||
| 008 | 140205s1997 sp 000 0 spa d | ||
| 020 | _a8448707486(v.1) | ||
| 020 | _a8448707478(v.2) | ||
| 040 |
_aDO-SdBNP _bspa _cBNPHU |
||
| 100 | 1 |
_aBorrow, George _969993 |
|
| 240 | 1 | 0 |
_aBible in Spain _lespañol |
| 245 | 1 | 3 |
_aLa Biblia en España / _cGeorge Borro introducción de Alberto González Troyano ; traducción de Manuel Azaña. |
| 260 |
_aBarcelona : _bAlianza, _c1997. |
||
| 300 |
_a2 v. ; _c21 cm. |
||
| 490 | 1 |
_aAltaya _v50,51 |
|
| 505 | 2 |
_av. 2 _tO viajes, aventuras y prisiones de un inglés en su intento de difundir las escrituras por la península |
|
| 700 | 1 |
_aAzaña, Manuel, _d1880-1940. _etr. _938343 |
|
| 700 | 1 |
_aGonzález Troyano, Alberto. _969994 |
|
| 830 | 0 |
_1Altaya _v50,51 |
|
| 999 |
_c42178 _d42178 |
||